000 01283nam a2200313 i 4500
001 48492
003 Mx-PuUPA
005 20251112152249.0
008 140415s2021 cl gr 001 0 spa d
020 _a9788418982156
040 _cMx-PuUPA
_aMx-PuUPA
_bspa
_dMx-PuUPA
_erda
041 0 _aspa
100 1 _aReyes Ponce, Álvaro,
_eautor
_917697
245 1 0 _aEscritura científica :
_buna guía práctica de cómo escribir un artículo o un proyecto de investigación /
_cArturo Reyes Ponce
264 1 _aSantiago de Chile :
_bRil Editores ;
_bUniversidad Andrés Bello,
_c2021
300 _a91 páginas ;
_c23 cm
336 _2rdacontent
_atexto
_btxt
337 _2rdamedia
_asin medio
_bn
338 _2rdacarrier
_avolumen
_bnc
650 7 _2armarc
_aRedacción técnica
_vManuales
650 7 _2armarc
_aComunicación científica
650 7 _2armarc
_aRedacción de informes
650 7 _2armarc
_aRedacción académica
_vManuales
942 _2ddc
_cLI
_h001.42
_iR45
999 _c48492
_d48492